| 000 | 00404nam a2200169Ia 4500 | ||
|---|---|---|---|
| 001 | 22046 | ||
| 003 | IN-NITTTR | ||
| 005 | 20251114233249.0 | ||
| 008 | 251113s9999||||xx |||||||||||||| ||eng|| | ||
| 040 | _beng | ||
| 040 | _cIN-NITTTR | ||
| 041 | _aeng | ||
| 082 | _a004.65 D34P R | ||
| 100 | _aDerfler, Frank J. | ||
| 245 | 0 |
_aPC magazine guide to connectivity. / _cDerfler, Frank J. |
|
| 942 |
_2ddc _cBK |
||
| 999 |
_c24675 _d24675 |
||